000 00581nam a2200169Ia 4500
003 GCL
008 140319s9999 xx 000 0 ara d
040 _aGCL /
_cGCL
082 0 4 _a215
_bأ ج
100 1 _aالسيد ابراهيم الموسوى الزنجانى
245 1 0 _aجولة فى الاماكن المقدسة /
_cالسيد ابراهيم الموسوى الزنجانى
260 _a[S.N] :
_bمنشورات مؤسسة الاعلمى للمطبوعات ،
_c1985
300 _a352 ص
490 _a
650 0 4 _aالاماكن المقدسة
942 _2ddc
_cBK
999 _c47519
_d47519